Dos and Don'ts in Cambodia / (Record no. 46712)
| 000 -LEADER | |
|---|---|
| fixed length control field | 00437nam a2200133 4500 |
| 020 ## - INTERNATIONAL STANDARD BOOK NUMBER | |
| International Standard Book Number | 9749823109 |
| 100 ## - MAIN ENTRY--PERSONAL NAME | |
| Personal name | Hill, David. |
| 9 (RLIN) | 37379 |
| 245 ## - TITLE STATEMENT | |
| Title | Dos and Don'ts in Cambodia / |
| Statement of responsibility, etc | David Hill. |
| 260 ## - PUBLICATION, DISTRIBUTION, ETC. (IMPRINT) | |
| Place of publication, distribution, etc | Thailand: |
| Name of publisher, distributor, etc | Book Promotion and service Co., Ltd.; |
| Date of publication, distribution, etc | 2005. |
| 300 ## - PHYSICAL DESCRIPTION | |
| Extent | 224 p. |
| Other physical details | col. ill. |
| 650 ## - SUBJECT ADDED ENTRY--TOPICAL TERM | |
| Topical term or geographic name as entry element | Manners and customs. |
| Geographic subdivision | Cambodia. |
| 9 (RLIN) | 84902 |
| 700 ## - ADDED ENTRY--PERSONAL NAME | |
| Relator code | Illustrator. |
| Personal name | Chan Vitharin and Chan Vanbora. |
| 9 (RLIN) | 84903 |
| 942 ## - ADDED ENTRY ELEMENTS (KOHA) | |
| Source of classification or shelving scheme | |
| Koha item type | NON FIC SECTION |
| Withdrawn status | Lost status | Source of classification or shelving scheme | Damaged status | Not for loan | Collection code | Home library | Current library | Date acquired | Total Checkouts | Full call number | Barcode | Checked out | Date last seen | Date checked out | Price effective from | Koha item type |
|---|---|---|---|---|---|---|---|---|---|---|---|---|---|---|---|---|
| Non-Fiction | Asian Hope Secondary Library | Asian Hope Secondary Library | 02/23/2024 | 5 | 395.53 HIL | 205858 | 06/15/2026 | 03/17/2026 | 03/17/2026 | 02/23/2024 | NON FIC SECTION |